000 00563nam a22001937a 4500
005 20250926113420.0
010 _aENG-146865
020 _a9789364684040
_c300.00
035 _aEN-130397
037 _bDBAD
082 _23
_a500
100 _aAditya Ranjan Sir
_985221
245 _aSSC Maths CGL Warrior/
_bAditya Ranjan Sir
250 _a3
260 _aUttar Pradesh
_bS. Chand Publishing
_c2025
270 _aD-92, Sector-2, Noida
_bUttar Pradesh
_e201301
_k61-120-4682700
300 _a223p.
_c27cm(pb)
942 _2ddc
_cEN
_h500
_mRAN
999 _c213469
_d213469